00826nam a22002057a 450000500170000000800410001702000150005804000070007308200220008010000290010224500740013126000420020530000310024752002100027865000250048865000330051365000230054665000180056970000330058720211123100036.0211123b ||||| |||| 00| 0 eng d a0446533173 cAL 223a338.272bLEEO aStephen Leeb: Donna Leeb aOil Factor: Protect Yourself And Profit from the Coming Energy Crisis aNew YorkbWarner Business Booksc2004 axxii,218 p.bHBc23x16 cm. aRenowned financial analyst Stephen Leeb asserts that in this perilous period, oil prices will drive all other economic indicators. This volume details how to diversify holdings to avoid potential disaster. aProduction Economics aPetroleum Ijdustry and Trade aPetroleum Products aEnergy Policy aLEEB (Stephen): LEEB (Donna)